000 00608nam a2200217Ia 4500
005 20241129110240.0
008 241129s9999||||xx |||||||||||||| ||und||
020 _a978-93-84811-15-0
037 _aTB
040 _aARTS
_beng
_cARTS
041 _aeng
_2urd
084 _aO168,3N33,AK Q5
_qARTS
100 _aSattar Qazi Abdul Au.
245 0 _aAkhri kahani
_cSattar Qazi Abdul Au.
260 _aAligarh, India
_bAligarh Alisha Publications
_c2012
300 _a96p.
365 _aINR
_b200
650 _aUrdu Fiction
_93298
942 _cTB
_hO168,3N33,AK Q5
999 _c1227884
_d1227884